000 01096nam a2200349 c 4500
001 57873
003 CO-BoRNBP
005 20250808164726.0
007 ta
008 170322s2007 mx a 00g 0 und d s
020 _a9789681666019
040 _aCO-BoRNBP
_bspa
_erda
_cCO-BoRNBP
041 _aspa
082 0 4 _a576.5
_bB17g
_223
100 _aBarahona, Ana
_eaut
_961923
245 1 0 _aGenética :
_bla continuidad de la vida /
_cAna Barahona, Daniel Piñero.
250 _aTercera edición, segunda reimpresión
264 1 _aMéxico :
_bFondo de Cultura Económica,
_c2007
300 _a147 páginas :
_bilustraciones
336 _atexto
_btxt
_2rdacontent
337 _asin mediación
_bn
_2rdamedia
338 _avolumen
_bnc
_2rdacarrier
490 _aLa ciencia para todos
500 _aIncluye glosario y bibliografía
521 _aRecomendado para un público mayor de 15 años
650 0 7 _aEvolución
_2lemb
_94689
650 0 7 _aGenes
_2lemb
_913964
650 0 7 _aGenética
_2lemb
650 0 7 _aBiología
_2LEMB
_917382
700 _aPinero, Daniel
_eaut
_927404
942 _2ddc
_cBK
999 _c57873
_d57873